Criminal Procedure

Detalles Bibliográficos
Autor principal: Coughlan, Steve
Formato: eBook
Lenguaje:inglés
Publicado: Toronto: Irwin Law Inc., 2020
Edición:Cuarta Edicin̤
Materias:
Acceso en línea:Acceso restringido

MARC

LEADER 00000nam a22000007a 4500
005 20210809221434.0
007 cr|||| ||||
008 210809s2020 ca |||||s|||| 00||0 eng d
020 |a 9781552215449 
035 |a 34975 
040 |a vLex 
090 |c 11936  |d 11936 
100 1 |a Coughlan, Steve 
245 1 0 |a Criminal Procedure  |h [Recurso electrn̤ico] /  |c Steve Coughlan 
250 |a Cuarta Edicin̤ 
256 |a Servicio en ln̕ea 
260 |a Toronto:  |b Irwin Law Inc.,  |c 2020 
300 |a 1 recurso electrn̤ico 
500 |a This book sets out and examines the law governing criminal procedure in Canada. It explains the body of rules and principles that govern the investigation, prosecution, and adjudication of any offence enacted by Parliament for which an accused person would have a criminal record if found guilty by a court exercising jurisdiction under the Criminal Code. These include such things as police powers to search, detain, or arrest; the right to counsel; interim release; disclosure and production; informations and indictments; jury selection and deliberation; trial within a reasonable time; and appeals. This fourth edition updates the law in all areas of criminal procedure. Most notably, it incorporates significant discussion of Bill C-75, which has made changes to a great many areas of the Criminal Code, including powers of arrest, preliminary inquiries, and the jury selection process. In addition, it includes discussion of significant new Supreme Court of Canada cases, such as Le on arbitrary detention and racial profiling; Fleming v Ontario on powers of arrest; Saeed on search incident to arrest; Marakah, Jones, Reeves, and Mills on reasonable expectation of privacy; Antic on bail; and Jordan, Cody, and KJM on trial within a reasonable time. 
506 1 |a Disponible solo en los productos indicados  |d vLex Global  |d vLex Global (Academic Edition, excluding Law Schools)  |d vLex Global (U.S. Academic Edition, Law Schools)  |d vLex Global (U.S. Academic Edition, excluding Law Schools)  |d vLex Global (Academic Edition, Law Schools) 
650 0 4 |a Derecho Penal  |z Canad̀ 
650 0 4 |a Procedimiento Penal  |z Canad̀ 
740 0 |a vLex Libros (Servicio en ln̕ea) 
856 4 0 |u https://app.vlex.com/#/sources/34975  |z Acceso restringido 
942 |c BOOK 
999 0 |a Criminal Law 
999 0 |a Criminal Procedure